Využitie ekologických prístupov pri príprave selektívneho adsorbentu a jeho uplatnení pre prípravu vzorky na analýzu kvapalinovou chromatografiou

Salvato in:
Dettagli Bibliografici
Autore principale: Vavreková, Petra (Autore)
Altri autori: Hroboňová, Katarína (Relatore della tesi)
Natura: Manoscritto Libro
Lingua:slovacco
Pubblicazione: 2025
Soggetti:
Accesso online:http://is.stuba.sk/zp/portal_zp.pl?podrobnosti=178315
Tags: Aggiungi Tag
Nessun Tag, puoi essere il primo ad aggiungerne!!

MARC

LEADER 00000ntm a22000003a 4500
001 stuzp105300
003 SK-STU
005 20250628212541.2
007 ta
008 150427s2015----xo-----f-mn---000-0-slo-d
040 |a STU  |b slo 
041 0 |a slo 
100 1 |a Vavreková, Petra  |u 041000  |4 aut  |U FCHPT Fakulta chemickej a potravinárskej technológie  |T FCHPT Ústav analytickej chémie  |X 122513  |U C1000  |Y 99  |7 122513 
242 0 1 |a The use of ecological approaches in the synthesis of selective adsorbent and its application in sample treatment for analysis by liquid chromatography  |y eng 
245 1 0 |a Využitie ekologických prístupov pri príprave selektívneho adsorbentu a jeho uplatnení pre prípravu vzorky na analýzu kvapalinovou chromatografiou 
260 |c 2025 
650 4 |a umbeliferón  |2 slo 
650 4 |a hlboko eutektické rozpúšťadlo  |2 slo 
650 4 |a polymér s odtlačkom molekuly  |2 slo 
650 4 |a HPLC-UV  |2 slo 
650 4 |a kumarín  |2 slo 
650 4 |a coumarin  |2 eng 
650 4 |a umbelliferone  |2 eng 
650 4 |a deep eutectic solvent  |2 eng 
650 4 |a molecular imprinted polymer  |2 eng 
650 4 |a HPLC-UV  |2 eng 
700 1 |a Hroboňová, Katarína  |u 041000  |k Z1  |4 ths  |U FCHPT Fakulta chemickej a potravinárskej technológie  |T FCHPT Ústav analytickej chémie  |X 3931  |U C1000  |Y 99  |7 A000003931 
856 4 |u http://is.stuba.sk/zp/portal_zp.pl?podrobnosti=178315